| 000 | 00857nam a2200229 a 4500 | ||
|---|---|---|---|
| 005 | 20210223122044.0 | ||
| 008 | 991125s1973 mx 000 0 spa u | ||
| 020 | _a9683609341 (10 dígitos) | ||
| 020 | _a9789683609342 (13 dígitos) | ||
| 035 | _aUPN01000028644 | ||
| 049 | _aCG | ||
| 050 | 4 |
_aF1221 N3 _bL6.3 |
|
| 100 | 1 |
_aLópez Austin, Alfredo, _d1936- _936376 |
|
| 245 | 1 | 0 |
_aHombre-Dios : _breligión y política en el mundo náhuatl / _cAlfredo López Austin. |
| 260 |
_aMéxico : _bUNAM, Instituto de Investigaciones Históricas, _c1973. |
||
| 300 | _a209 p. | ||
| 440 | 0 |
_aInstituto de Investigaciones Históricas. _pSerie de cultura náhuatl. _pMonografía ; _v15 |
|
| 500 | _a"segunda edición : 1989" (reimpresión) | ||
| 500 | _a"tercera edición : 1998" (reimpresión) | ||
| 650 | 4 |
_aNAHUAS - _xRELIGION Y MITOLOGIA _918096 |
|
| 905 | _aLibro | ||
| 999 |
_c28644 _d28644 |
||